000 003230000a22001450004500
005 20120302064120.0
942 _cBOOK
100 _a Dhere,R.C.
245 _a Dakshinecha lokadev shrikhandoba
260 _aPune:Padmagandha Prakashan,2002.
300 _a212p.
040 _aMar
365 _b150/-
650 _aKhandoba
999 _c361321
_d361318